000 00303nam a2200109Ia 4500
008 220204s9999 xx 000 0 und d
082 _aNR:339.564(540)
_bRUB
245 0 _aDirectory of exporters: Natural rubber &rubber products
250 _aRev.5
260 _aKottayam
_bRubber Board
_c2015
942 _cBK
999 _c44699
_d44699